Konvergencia národných inovačných systémov Slovenskej republiky a vybraných krajín Európskej únie z hľadiska inovačnej výkonnosti a efektívnosti dizertačná práca
Enregistré dans:
| Auteur principal: | |
|---|---|
| Collectivité auteur: | |
| Autres auteurs: | |
| Format: | Livre |
| Langue: | slovaque |
| Publié: |
Bratislava
2018
|
| Sujets: | |
| Tags: |
Pas de tags, Soyez le premier à ajouter un tag!
|
MARC
| LEADER | 00000nbm a2200000 4500 | ||
|---|---|---|---|
| 001 | 0246220 | ||
| 005 | 20230227104715.9 | ||
| 041 | 0 | |a slo | |
| 044 | |a SK | ||
| 245 | 1 | 0 | |a Konvergencia národných inovačných systémov Slovenskej republiky a vybraných krajín Európskej únie z hľadiska inovačnej výkonnosti a efektívnosti |b dizertačná práca |c Peter Adamovský ; školiteľ: Vladimír Gonda |
| 264 | 1 | |a Bratislava |c 2018 | |
| 300 | |a 145 s. | ||
| 610 | 2 | 0 | |a inovácia |
| 610 | 2 | 0 | |a výkonnosť |
| 610 | 2 | 0 | |a efektívnosť |
| 610 | 2 | 0 | |a ukazovatele |
| 610 | 2 | 0 | |a porovnanie medzinárodné |
| 610 | 2 | 0 | |a Slovensko |
| 610 | 2 | 0 | |a Európska únia |
| 100 | 1 | |a Adamovský, Peter, 1990- | |
| 700 | 1 | |a Gonda, Vladimír | |
| 710 | 2 | |a Národohospodárska fakulta EU. Katedra ekonómie | |